Desarrollo de la estructura espacial de la ciudad de Guatemala hasta mediados del siglo XX

Guardado en:
Bibliografiske detaljer
Hovedforfatter: Gellert, Gisela
Format: Texto
Udgivet: s.l: s.e
Tags: Tilføj Tag
Ingen Tags, Vær først til at tagge denne postø!

MARC

LEADER 00000 a a2200000 04500
001 23141
003
040
090 |a 159800  
100 |a Gellert, Gisela  
245 |a Desarrollo de la estructura espacial de la ciudad de Guatemala hasta mediados del siglo XX  
260 |a s.l:   |b s.e  
300 |a p. irreg  
999 |c 16661  |d 16661